KOHA-Header-6

Molecular Cell Biology (Record no. 1212)

000 -LEADER
fixed length control field 00326nam a2200133Ia 4500
008 - FIXED-LENGTH DATA ELEMENTS--GENERAL INFORMATION
fixed length control field 190722s9999 xx 000 0 und d
020 ## - INTERNATIONAL STANDARD BOOK NUMBER
International Standard Book Number 13:978-0-7167-7601-7
100 ## - MAIN ENTRY--PERSONAL NAME
Personal name lodish Berk Kaiser
245 #0 - TITLE STATEMENT
Title Molecular Cell Biology
250 ## - EDITION STATEMENT
Edition statement 6th
260 ## - PUBLICATION, DISTRIBUTION, ETC. (IMPRINT)
Place of publication, distribution, etc New York
Name of publisher, distributor, etc W.H.Freeman
Date of publication, distribution, etc 2008
300 ## - PHYSICAL DESCRIPTION
Extent 1149
942 ## - ADDED ENTRY ELEMENTS (KOHA)
Koha item type Books
Holdings
Withdrawn status Lost status Damaged status Not for loan Collection code Permanent Location Current Location Shelving location Date acquired Total Checkouts Full call number Barcode Date last seen Date checked out Price effective from Koha item type
        Bio Sciences MAJU MAJU Shelf No.A37 2019-07-22 1 571.6 7837 2021-02-02 2019-09-25 2019-07-22 Bio Science

Powered by Koha